00702nam a2200157 i 4500001000700000003000900007005001700016008004100033111009400074245012500168260004800293300002200341505006800363650002900431852008400460184852ES-MaACL20250812082610.0160205s1882 po a |||| | por d2 aExposição Retrospectiva de Arte Ornamental Portugueza e Hespanhola (d1882. cLisboa)10aCatalogo illustrado da Exposiçao retrospectiva de Arte ornamental portugueza e hespanhola celebrada em Lisboa em 1882. aLisboa : b[s.n.], c1882 (fImp. Nacional) a1 vol. ; c23 cm.8 aContiene con numeración facticia [I]. Texto.- XVI + 350 pág 7aArtes decorativas2embne aES-MaACLjG-8707 z.- Donat. José Ramón Mélida, en anotación manuscrita